[Event "EU-ch U18 Girls 30th"]
[Site "Antalya"]
[Date "2022.11.06"]
[Round "1"]
[White "Lhotska, Anna"]
[Black "Lordier, Sophia"]
[Result "0-1"]
[WhiteElo "2287"]
[BlackElo "1865"]
[PlyCount "105"]
[EventDate "2022.11.06"]
[EventType "swiss"]
[EventRounds "9"]
[EventCountry "TUR"]
[SourceTitle "CBM 211 Extra"]
[Source "ChessBase"]
[SourceDate "2023.01.31"]
[SourceVersion "1"]
[SourceVersionDate "2023.01.31"]
[SourceQuality "1"]

1. e4 c5 2. Nf3 d6 3. d4 cxd4 4. Nxd4 Nf6 5. Nc3 a6 6. Be3 e6 7. Be2 Be7 8. a3 Qc7 9. g4 b5 10. g5 Nfd7 11. Qd2 Bb7 12. h4 Nb6 13. 0-0-0 N8d7 14. h5 Ne5 15. g6 hxg6 16. hxg6 Nxg6 17. Rxh8+ Nxh8 18. Rh1 Ng6 19. Bh5 Nc4 20. Qe2 Nf8 21. Qd3 g6 22. Be2 Nxe3 23. Qxe3 0-0-0 24. Rh3 Qc5 25. Qd2 Kb8 26. Nb3 Qxf2 27. Kb1 Qb6 28. Qf4 f5 29. exf5 gxf5 30. a4 b4 31. Na2 a5 32. Nac1 Be4 33. Bd3 e5 34. Qh6 Bxd3 35. Nxd3 Rc8 36. Qg7 Qc7 37. Rh2 e4 38. Nf4 d5 39. Rd2 Bd6 40. Qxc7+ Bxc7 41. Nxd5 f4 42. Nc5 e3 43. Re2 Bb6 44. Nd3 f3 45. Nxb6 fxe2 46. Nxc8 Kxc8 47. b3 Ne6 48. c3 Nf4 49. Ne1 Kc7 50. Kc2 Kb6 51. cxb4 axb4 52. Kb2 Kc5 53. Kc1 0-1

[Event "CZE-chT1W 2223"]
[Site "Czech Republic"]
[Date "2022.10.30"]
[Round "2.2"]
[White "Vitak, Jiri"]
[Black "Lhotska, Anna"]
[Result "1-0"]
[WhiteElo "2215"]
[BlackElo "2296"]
[PlyCount "91"]
[EventDate "2022.10.09"]
[EventType "team-tourn"]
[EventRounds "11"]
[EventCountry "CZE"]
[SourceTitle "CBM 213 Extra"]
[Source "ChessBase"]
[SourceDate "2023.05.31"]
[SourceVersion "1"]
[SourceVersionDate "2023.05.31"]
[SourceQuality "1"]
[WhiteTeam "Litomerice Slavoj"]
[BlackTeam "Praha Oaza II"]
[WhiteTeamCountry "CZE"]
[BlackTeamCountry "CZE"]

1. d4 Nf6 2. Nf3 e6 3. c4 c5 4. Nc3 cxd4 5. Nxd4 Be7 6. e4 d6 7. Be3 0-0 8. Be2 Nbd7 9. 0-0 a6 10. Qd2 Qc7 11. Rac1 b6 12. Rfd1 Bb7 13. f3 Rac8 14. Bf1 Qb8 15. Nb3 Bd8 16. Kh1 Bc7 17. Bf4 Ne5 18. Bxe5 dxe5 19. c5 Rfd8 20. Qe3 b5 21. a3 Bc6 22. Nd2 Nh5 23. b4 Rd4 24. Ne2 Rcd8 25. Nxd4 exd4 26. Qg5 Nf4 27. g3 h6 28. Qh4 Ng6 29. Qh5 Ne5 30. f4 Ng6 31. Bg2 Qa8 32. Qe2 e5 33. f5 Nf8 34. g4 Nh7 35. h4 Nf6 36. Bf3 a5 37. Ra1 a4 38. Rg1 d3 39. Qe3 Rd4 40. Rae1 Kf8 41. Rg2 Bd8 42. g5 Ng8 43. gxh6 Nxh6 44. Reg1 Bf6 45. h5 Qb8 46. Qxh6 1-0

[Event "CZE-chT1W 2223"]
[Site "Czech Republic"]
[Date "2022.10.09"]
[Round "1.5"]
[White "Lhotska, Anna"]
[Black "Karasek, Lukas"]
[Result "1-0"]
[WhiteElo "2296"]
[BlackElo "2238"]
[PlyCount "68"]
[EventDate "2022.10.09"]
[EventType "team-tourn"]
[EventRounds "11"]
[EventCountry "CZE"]
[SourceTitle "CBM 210 Extra"]
[Source "ChessBase"]
[SourceDate "2022.11.30"]
[SourceVersion "1"]
[SourceVersionDate "2022.11.30"]
[SourceQuality "1"]
[WhiteTeam "Praha Oaza II"]
[BlackTeam "Gordic"]
[WhiteTeamCountry "CZE"]
[BlackTeamCountry "CZE"]

1. e4 c5 2. Nf3 d6 3. d4 cxd4 4. Nxd4 Nf6 5. Nc3 a6 6. Be3 e6 7. Be2 Be7 8. a3 b5 9. Bf3 Nfd7 10. e5 d5 11. Nxd5 exd5 12. Bxd5 Nb6 13. Bxa8 Nxa8 14. Qf3 Nb6 15. Rd1 Qc7 16. 0-0 0-0 17. Bf4 Be6 18. Qg3 Kh8 19. Rfe1 Nc6 20. Nxe6 fxe6 21. c3 Nd5 22. Be3 Na5 23. Qg4 Qc6 24. Rd3 Nc4 25. Bc1 Bc5 26. Rf3 Rxf3 27. Qxf3 Kg8 28. Re4 Qc7 29. Qh3 Qf7 30. Qg3 Qf5 31. Qf3 Qxf3 32. gxf3 Kf7 33. Kg2 a5 34. a4 Ncb6 1-0

[Event "EU-ch (Women) 22nd"]
[Site "Prague"]
[Date "2022.08.30"]
[Round "10"]
[White "Zimina, Olga"]
[Black "Lhotska, Anna"]
[Result "0-1"]
[WhiteElo "2340"]
[BlackElo "2081"]
[PlyCount "116"]
[EventDate "2022.08.20"]
[EventType "swiss"]
[EventRounds "11"]
[EventCountry "CZE"]
[SourceTitle "CBM 209 Extra"]
[Source "ChessBase"]
[SourceDate "2022.09.30"]
[SourceVersion "1"]
[SourceVersionDate "2022.09.30"]
[SourceQuality "1"]

1. d4 d5 2. Bg5 h6 3. Bh4 g5 4. Bg3 Bg7 5. e3 c5 6. c3 Nf6 7. Nd2 Bf5 8. Qb3 b6 9. Bb5+ Kf8 10. Be2 h5 11. Ngf3 g4 12. Nh4 Bh7 13. dxc5 bxc5 14. Qb7 Nbd7 15. Bc7 Qc8 16. Ba6 Qxb7 17. Bxb7 Re8 18. Nb3 c4 19. Na5 Nc5 20. 0-0 Nxb7 21. Nxb7 Bd3 22. Rfe1 Nd7 23. Rad1 Rc8 24. Bg3 Rc6 25. Rd2 Bf6 26. Rc1 Rb6 27. Na5 Nc5 28. f3 Na4 29. Rf2 Rxb2 30. Rxb2 Nxb2 31. Nc6 Rg8 32. Ne5 Bxh4 33. Bxh4 f6 34. fxg4 fxe5 35. gxh5 Rg4 36. Bg3 Rg5 37. h6 Rh5 38. h3 Kf7 39. Kh2 Ke6 40. Rg1 Rxh6 41. Be1 Rf6 42. g4 Rf1 43. Rxf1 Bxf1 44. Kg3 Nd1 45. Bd2 d4 46. exd4 exd4 47. cxd4 c3 48. Bf4 c2 49. h4 Nc3 50. Kf2 Bh3 51. g5 Nxa2 52. Kg3 Bf5 53. h5 c1Q 54. Bxc1 Nxc1 55. Kf4 Ne2+ 56. Ke3 Ng3 57. h6 Ne4 58. Kf4 Bg6 0-1

[Event "EU-ch (Women) 22nd"]
[Site "Prague"]
[Date "2022.08.27"]
[Round "7"]
[White "Lhotska, Anna"]
[Black "Gueci, Tea"]
[Result "0-1"]
[WhiteElo "2081"]
[BlackElo "2254"]
[PlyCount "82"]
[EventDate "2022.08.20"]
[EventType "swiss"]
[EventRounds "11"]
[EventCountry "CZE"]
[SourceTitle "CBM 209 Extra"]
[Source "ChessBase"]
[SourceDate "2022.09.30"]
[SourceVersion "1"]
[SourceVersionDate "2022.09.30"]
[SourceQuality "1"]

1. e4 c5 2. Nf3 d6 3. d4 cxd4 4. Nxd4 Nf6 5. Nc3 a6 6. Be3 e5 7. Nb3 Be6 8. f3 h5 9. Qd2 Nbd7 10. 0-0-0 b5 11. h3 h4 12. Bd3 Rc8 13. Kb1 Be7 14. Rhe1 0-0 15. f4 Qc7 16. f5 Bc4 17. g4 hxg3 18. Rg1 Nh5 19. Ne2 Bh4 20. Nbc1 Bxd3 21. cxd3 Qd8 22. Nc3 Ndf6 23. Bg5 Bxg5 24. Qxg5 Qc7 25. N3e2 Qc2+ 26. Ka1 Rc7 27. Nxg3 Rfc8 28. Nxh5 Nxh5 29. Nb3 f6 30. Qxh5 a5 31. Rb1 Qxd3 32. Qg4 a4 33. Nc1 Qe3 34. Ne2 b4 35. h4 a3 36. h5 b3 37. Rg3 axb2+ 38. Rxb2 Rc1+ 39. Rb1 b2+ 40. Kxb2 Rb8+ 41. Ka1 Rbxb1# 0-1

[Event "EU-ch (Women) 22nd"]
[Site "Prague"]
[Date "2022.08.22"]
[Round "3"]
[White "Mkrtchyan, Mariam"]
[Black "Lhotska, Anna"]
[Result "1-0"]
[WhiteElo "2285"]
[BlackElo "2081"]
[PlyCount "81"]
[EventDate "2022.08.20"]
[EventType "swiss"]
[EventRounds "11"]
[EventCountry "CZE"]
[SourceTitle "CBM 209 Extra"]
[Source "ChessBase"]
[SourceDate "2022.09.30"]
[SourceVersion "1"]
[SourceVersionDate "2022.09.30"]
[SourceQuality "1"]

1. d4 Nf6 2. c4 c5 3. d5 e6 4. Nc3 exd5 5. cxd5 d6 6. Nf3 g6 7. Nd2 Nbd7 8. e4 Bg7 9. Be2 0-0 10. 0-0 Re8 11. a4 a6 12. h3 Qc7 13. Ra3 g5 14. f4 gxf4 15. Rxf4 Ne5 16. Qf1 Qe7 17. Rf2 Rb8 18. Nd1 Ng6 19. Raf3 Nxe4 20. Nxe4 f5 21. Nec3 f4 22. Bxf4 Nxf4 23. Rxf4 Bd4 24. Ne4 Kh8 25. Bd3 c4 26. Bc2 Bd7 27. Nf6 Bxf2+ 28. Qxf2 Qe1+ 29. Qxe1 Rxe1+ 30. Kf2 Re7 31. Nxd7 Rxd7 32. Rxc4 Rf8+ 33. Ke2 Re7+ 34. Re4 Rc7 35. Ne3 Rcf7 36. Re6 Rf2+ 37. Kd3 Rg8 38. Rxd6 Rg3 39. Re6 Kg7 40. d6 Kf7 41. d7 1-0

[Event "EU-ch (Women) 22nd"]
[Site "Prague"]
[Date "2022.08.21"]
[Round "2"]
[White "Gaponenko, Inna"]
[Black "Lhotska, Anna"]
[Result "1-0"]
[WhiteElo "2339"]
[BlackElo "2081"]
[PlyCount "133"]
[EventDate "2022.08.20"]
[EventType "swiss"]
[EventRounds "11"]
[EventCountry "CZE"]
[SourceTitle "CBM 209 Extra"]
[Source "ChessBase"]
[SourceDate "2022.09.30"]
[SourceVersion "1"]
[SourceVersionDate "2022.09.30"]
[SourceQuality "1"]

1. e4 c5 2. Nf3 e6 3. d3 Nc6 4. g3 d5 5. Nbd2 Nf6 6. Bg2 Be7 7. 0-0 0-0 8. Re1 Rb8 9. e5 Nd7 10. Nf1 d4 11. h4 b5 12. Bf4 Nb6 13. Ng5 Bb7 14. Qh5 Bxg5 15. Bxg5 Qe8 16. Bf6 Ne7 17. Bxb7 Rxb7 18. Nh2 Nbd5 19. Ng4 gxf6 20. Nxf6+ Nxf6 21. exf6 Nf5 22. g4 Kh8 23. gxf5 Qc6 24. Re4 Qd5 25. Rg4 Qxf5 26. Qxf5 exf5 27. Rg5 Rb6 28. Rxf5 Rg8+ 29. Kf1 Rg6 30. Re1 Rgxf6 31. Rxc5 a6 32. b4 Kg7 33. Re4 Rbd6 34. Ke2 Kg6 35. Rg5+ Kh6 36. Ree5 Rfe6 37. Rgf5 Kg6 38. Kf3 Rf6 39. Rxf6+ Rxf6+ 40. Kg3 Rc6 41. Rc5 Rd6 42. f3 f6 43. Kf4 Re6 44. a3 Re2 45. Rc6 Rh2 46. Kg3 Re2 47. Rxa6 Rxc2 48. Rd6 Rc3 49. Rxd4 Rxa3 50. Rd5 Rb3 51. Rxb5 Rxd3 52. h5+ Kg7 53. Kg4 Rd6 54. f4 Rd4 55. Rb7+ Kh6 56. Kf5 Rc4 57. b5 Rb4 58. b6 Rc4 59. Rc7 Rb4 60. b7 Rb6 61. Rf7 Rb4 62. Kxf6 Rxf4+ 63. Ke7 Rb4 64. Kd8 Kxh5 65. Rxh7+ Kg6 66. Rc7 Rh4 67. Rc6+ 1-0